| 000 | 00512nam a2200181Ia 4500 | ||
|---|---|---|---|
| 999 |
_c14658 _d14658 |
||
| 003 | OSt | ||
| 005 | 20230916140306.0 | ||
| 008 | 190216s9999||||xx |||||||||||||| ||und|| | ||
| 015 | _a9781408704202 | ||
| 040 | _coclc | ||
| 082 |
_a823.914 _bROW/C |
||
| 100 | 1 |
_aRowling, J. K. _95383 |
|
| 245 | 4 |
_aThe Casual Vacancy / _cJ K Rowling |
|
| 260 |
_bLittle Brown, _c2012. _alondon: |
||
| 300 | _a503p | ||
| 650 | _aEnglish-Fiction English | ||
| 942 |
_cBK _2ddc _h823.914 _iROW/C _k823.914 _mROW/C |
||